<?xml version="1.0" encoding="UTF-8"?>
<record
    xmlns:xsi="http://www.w3.org/2001/XMLSchema-instance"
    xsi:schemaLocation="http://www.loc.gov/MARC21/slim http://www.loc.gov/standards/marcxml/schema/MARC21slim.xsd"
    xmlns="http://www.loc.gov/MARC21/slim">

  <leader>01773nam a2200313 a 4500</leader>
  <controlfield tag="001"> </controlfield>
  <controlfield tag="003">DO-SdBNP</controlfield>
  <controlfield tag="005">20250401135254.0</controlfield>
  <controlfield tag="007">ta</controlfield>
  <controlfield tag="008">090509s2012  drdr aoc gr   000 1 edspa d</controlfield>
  <datafield tag="020" ind1=" " ind2=" ">
    <subfield code="a">9788845489385</subfield>
  </datafield>
  <datafield tag="020" ind1=" " ind2=" ">
    <subfield code="a"> </subfield>
  </datafield>
  <datafield tag="040" ind1=" " ind2=" ">
    <subfield code="a">DO-SdBNP</subfield>
    <subfield code="b">spa</subfield>
    <subfield code="c">BNPHU</subfield>
  </datafield>
  <datafield tag="082" ind1=" " ind2="4">
    <subfield code="a">324.27293</subfield>
    <subfield code="b">J96h</subfield>
    <subfield code="2">22</subfield>
  </datafield>
  <datafield tag="100" ind1="1" ind2=" ">
    <subfield code="a">Justo Duarte, Amaury,</subfield>
    <subfield code="d">1942-</subfield>
    <subfield code="9">8575</subfield>
  </datafield>
  <datafield tag="245" ind1="1" ind2="0">
    <subfield code="a">Historia pol&#xED;tica dominicana contempor&#xE1;nea 1965-2012 /</subfield>
    <subfield code="c">Amaury Justo Duarte.</subfield>
  </datafield>
  <datafield tag="250" ind1=" " ind2=" ">
    <subfield code="a"> </subfield>
  </datafield>
  <datafield tag="260" ind1=" " ind2=" ">
    <subfield code="a">Santo Domingo :</subfield>
    <subfield code="b">Santuario,</subfield>
    <subfield code="c">2012</subfield>
  </datafield>
  <datafield tag="300" ind1=" " ind2=" ">
    <subfield code="a">745 p. ;</subfield>
    <subfield code="b">il., fotogr., retr. ;</subfield>
    <subfield code="c">23 cm.</subfield>
  </datafield>
  <datafield tag="500" ind1=" " ind2=" ">
    <subfield code="a">Incluye referencias biogr&#xE1;ficas del autor en la solapa de la cubierta</subfield>
  </datafield>
  <datafield tag="504" ind1=" " ind2=" ">
    <subfield code="a">Incluye bibliograf&#xED;a y notas al pie de las p&#xE1;ginas</subfield>
  </datafield>
  <datafield tag="505" ind1="0" ind2=" ">
    <subfield code="t">Introducci&#xF3;n general --</subfield>
    <subfield code="t"> El gobierno provisional / Hector Garc&#xED;a Goddoy, septiembre 1965- 1966</subfield>
    <subfield code="t">Los doce  a&#xF1;os de Balaguer (1966-1978) --</subfield>
    <subfield code="t">La consolidaci&#xF3;n del neo-trujllismo (1970-1974) -- </subfield>
    <subfield code="t">El final de los 12 a&#xF1;os (1974-1978) -- </subfield>
    <subfield code="t">Los gobiernos del PRD (1978-1986) --</subfield>
    <subfield code="g">La administraci&#xF3;n de Jorge Blanco (1982-1986) -- </subfield>
    <subfield code="t">La nueva administraci&#xF3;n reformista (1986-1990) --</subfield>
    <subfield code="t"> Luchas pol&#xED;ticas (1990-1994). Las reformas constitucionales, El ocaso del balaguerismo y el ascenso del PLD --</subfield>
    <subfield code="t">PLD La primera experiencia del poder (1996-2000) -- </subfield>
    <subfield code="t">La administraci&#xF3;n perredista  (2000-2004) --</subfield>
    <subfield code="t">El regreso del PLD al poder (2004-2008) --</subfield>
    <subfield code="g"> La reelecci&#xF3;n de Leonel Fern&#xE1;ndez (2008-2012) --</subfield>
    <subfield code="t"> Documentos hist&#xF3;ricos.</subfield>
  </datafield>
  <datafield tag="590" ind1=" " ind2=" ">
    <subfield code="a">Inventariado, 2020/VM</subfield>
  </datafield>
  <datafield tag="650" ind1=" " ind2="4">
    <subfield code="a">Partidos pol&#xED;ticos</subfield>
    <subfield code="z">Rep&#xFA;blica Dominicana</subfield>
    <subfield code="y">1844-2004</subfield>
    <subfield code="9">2583</subfield>
  </datafield>
  <datafield tag="651" ind1=" " ind2="4">
    <subfield code="a">Rep&#xFA;blica Dominicana</subfield>
    <subfield code="x">Pol&#xED;tica y Gobierno</subfield>
    <subfield code="y">1844-2004</subfield>
    <subfield code="9">2584</subfield>
  </datafield>
  <datafield tag="651" ind1=" " ind2="4">
    <subfield code="a">Rep&#xFA;blica Dominicana</subfield>
    <subfield code="x">Historia</subfield>
    <subfield code="y">1844-2004</subfield>
    <subfield code="9">2585</subfield>
  </datafield>
  <datafield tag="910" ind1=" " ind2=" ">
    <subfield code="a">VMateo</subfield>
  </datafield>
  <datafield tag="942" ind1=" " ind2=" ">
    <subfield code="2">ddc</subfield>
    <subfield code="c">LBS1</subfield>
  </datafield>
  <datafield tag="952" ind1=" " ind2=" ">
    <subfield code="0">0</subfield>
    <subfield code="1">0</subfield>
    <subfield code="2">ddc</subfield>
    <subfield code="5">1</subfield>
    <subfield code="7">1</subfield>
    <subfield code="8">MO</subfield>
    <subfield code="a">BNPHU</subfield>
    <subfield code="b">PD</subfield>
    <subfield code="d">2020-12-07</subfield>
    <subfield code="e">Luciano M. P</subfield>
    <subfield code="l">0</subfield>
    <subfield code="o">BNPHU PD 324.27293 J96h</subfield>
    <subfield code="p">2020-0648</subfield>
    <subfield code="r">2020-12-07</subfield>
    <subfield code="w">2020-12-07</subfield>
    <subfield code="y">LBS1</subfield>
  </datafield>
  <datafield tag="952" ind1=" " ind2=" ">
    <subfield code="0">0</subfield>
    <subfield code="1">0</subfield>
    <subfield code="2">ddc</subfield>
    <subfield code="5">1</subfield>
    <subfield code="7">2</subfield>
    <subfield code="8">MO</subfield>
    <subfield code="a">BNPHU</subfield>
    <subfield code="b">PD</subfield>
    <subfield code="d">2020-12-07</subfield>
    <subfield code="e">Luciano M. P</subfield>
    <subfield code="l">0</subfield>
    <subfield code="o">BNPHU PD 324.27293 J96h</subfield>
    <subfield code="p">2020-0649</subfield>
    <subfield code="r">2020-12-07</subfield>
    <subfield code="t">e.2</subfield>
    <subfield code="w">2020-12-07</subfield>
    <subfield code="y">LBS1</subfield>
  </datafield>
  <datafield tag="952" ind1=" " ind2=" ">
    <subfield code="0">0</subfield>
    <subfield code="1">0</subfield>
    <subfield code="2">ddc</subfield>
    <subfield code="5">6</subfield>
    <subfield code="7">0</subfield>
    <subfield code="8">DS</subfield>
    <subfield code="a">BNPHU</subfield>
    <subfield code="b">BNPHU</subfield>
    <subfield code="c">CT</subfield>
    <subfield code="d">2019-08-19</subfield>
    <subfield code="l">0</subfield>
    <subfield code="o">324.27293 J96h</subfield>
    <subfield code="p">2022-3051</subfield>
    <subfield code="r">2022-06-17</subfield>
    <subfield code="t">e.3</subfield>
    <subfield code="w">2022-06-17</subfield>
    <subfield code="y">LBS1</subfield>
  </datafield>
  <datafield tag="999" ind1=" " ind2=" ">
    <subfield code="c">49255</subfield>
    <subfield code="d">49255</subfield>
  </datafield>
</record>
